000 00393nam a22001577a 4500
003 OSt
005 20240420153326.0
008 240420b |||||||| |||| 00| 0 eng d
020 _a9789356066281
040 _cIIMT UNIVERSITY
100 _aGareth R Jones
245 _aElectric and Hybrid Electric Vehicles
260 _aNEW DELHI
_b Pearson India
_c2023
300 _a313
942 _2ddc
_c02
999 _c58737
_d58737